000
00198nam a2200085Ia 4500
008
191206s9999 xx 000 0 und d
090
_a
QA43.G58
245
0
_a
G Foundations of GMAT Math
260
_c
c2009
999
_c
16031
_d
16031